Maggior numero di Podi consecutivi in Formula 1 - Statistics

Statistiche generali
  • Questo quiz è stato fatto 69 volte
  • Il punteggio medio è 7 su 7
Statistiche sulle risposte
Nazione Podi consecutivi Pilota % Corretto
Regno Unito 16 Lewis Hamilton
100%
Regno Unito 10 Lewis Hamilton
100%
Paesi Bassi 15 Max Verstappen
98%
Spagna 15 Fernando Alonso
97%
Germania 19 Michael Schumacher
97%
Germania 11 Sebastian Vettel
90%
Germania 11 Sebastian Vettel
90%
Nessun quiz corrispondente trovato
Distribuzione punteggi
Percentuale di utenti per punteggio
Percentile per numero di risposta
I tuoi punteggi nel tempo
Non hai fatto questo quiz